000 00484nam a2200157 a 4500
001 000031856
005 20200930063232.0
008 110706s19uu dr 000 0 spa d
040 _aDO-SdBNP
_bspa
_cBNPHU
082 _axxx
_bV335
100 1 _aVásquez, Juan Pablo
_958073
245 1 0 _aPrincipios generales para el desarrollo y organización de la comunidad /
_cJuan Pablo Vásquez.
260 _a[Santo Domingo] :
_b[s.n.],
_c[19--?].
300 _a24 p. ;
_c22 cm.
049 _aBNPD
999 _c31348
_d31348